Statistiche per Comuni della Provincia di Biella

Clicka qui per fare il quiz!

Statistiche generali

  • Questo quiz è stato fatto 10 volte
  • Il punteggio medio è 41 su 74

Statistiche sulle risposte

Comune% Corretto
Biella
100%
Cossato
100%
Vigliano Biellese
100%
Andorno Micca
88%
Bioglio
88%
Cavaglià
88%
Gaglianico
88%
Zumaglia
88%
Camburzano
75%
Graglia
75%
Mongrando
75%
Mottalciata
75%
Piedicavallo
75%
Ponderano
75%
Pray
75%
Ronco Biellese
75%
Sagliano Micca
75%
Sandigliano
75%
Tollegno
75%
Valdengo
75%
Valdilana
75%
Callabiana
63%
Camandona
63%
Candelo
63%
Cerrione
63%
Miagliano
63%
Occhieppo Inferiore
63%
Occhieppo Superiore
63%
Pettinengo
63%
Pollone
63%
Rosazza
63%
Sala Biellese
63%
Verrone
63%
Villa del Bosco
63%
Viverone
63%
Zubiena
63%
Ailoche
50%
Campiglia Cervo
50%
Donato
50%
Dorzano
50%
Piatto
50%
Quaregna Cerreto
50%
Salussola
50%
Sordevolo
50%
Tavigliano
50%
Valle San Nicolao
50%
Veglio
50%
Zimone
50%
Borriana
38%
Brusnengo
38%
Castelletto Cervo
38%
Coggiola
38%
Crevacuore
38%
Gifflenga
38%
Magnano
38%
Massazza
38%
Masserano
38%
Mezzana Mortigliengo
38%
Muzzano
38%
Netro
38%
Pralungo
38%
Roppolo
38%
Sostegno
38%
Strona
38%
Ternengo
38%
Vallanzengo
38%
Villanova Biellese
38%
Benna
25%
Caprile
25%
Casapinta
25%
Curino
25%
Lessona
25%
Torrazzo
25%
Portula
13%

Distribuzione punteggi

Percentile per numero di risposta

Percentuale di utenti per punteggio

I tuoi punteggi nel tempo

Non hai fatto questo quiz